Tim el salvaje
Wedi'i Gadw mewn:
| Prif Awdur: | |
|---|---|
| Fformat: | Llyfr |
| Iaith: | Sbaeneg |
| Cyhoeddwyd: |
Madrid
Magisterio
1997
|
| Cyfres: | Colección punto juvenil, 9
|
| Pynciau: | |
| Tagiau: |
Ychwanegu Tag
Dim Tagiau, Byddwch y cyntaf i dagio'r cofnod hwn!
|
MARC
| LEADER | 00000nam a2200000 a 4500 | ||
|---|---|---|---|
| 001 | UCH8180 | ||
| 003 | CL-VaPUC | ||
| 008 | 091127e19970000SP |||||||||||||||||spa|d | ||
| 020 | |a 8426573983 | ||
| 082 | 0 | 4 | |a 813 |b BLA |2 21 |
| 100 | 0 | |a Blackwood, Gary L |e author |9 544629 | |
| 245 | 1 | 0 | |a Tim el salvaje |
| 300 | |a 159 p | ||
| 942 | |c BK | ||
| 945 | |d 20091127 00:00:00 |a ccalabra | ||
| 260 | |a Madrid |b Magisterio |c 1997 | ||
| 500 | |a A partir de 11 años | ||
| 650 | 0 | |a Literatura |9 259151 | |
| 650 | 0 | |a Literatura juvenil |9 309909 | |
| 650 | 0 | |a Literatura infantil |9 307465 | |
| 650 | 0 | |a Escritores |9 313723 | |
| 650 | 0 | |a Literatura estadounidense |9 317168 | |
| 650 | 0 | |a Ficción |9 376687 | |
| 650 | 0 | |a Lectura |9 307634 | |
| 650 | 0 | |a Narrativa |9 336727 | |
| 583 | |a last modification |c 20091127 00:00:00 |k Rodrigo Vera | ||
| 490 | 0 | |a Colección punto juvenil, 9 | |
| 999 | |c 338414 |d 338412 | ||